| 000 | 01278nam a22002297a 4500 | ||
|---|---|---|---|
| 999 |
_c58382 _d58382 |
||
| 003 | Ge_BSU | ||
| 005 | 20211224114042.0 | ||
| 008 | 211224s2020 ge ||||| |||| 00| 0 geo d | ||
| 020 | _a9789941484797 | ||
| 041 | _ageo | ||
| 080 | _a027.5(479.22)+016:792(479.22) ქ-84 | ||
| 245 |
_aქუთაისის ლადო მესხიშვილის სახელობის პროფესიული სახელმწიფო დრამატული თეატრი : _bანალიტიკური ბიბლიოგრაფია : 1974-2018 / _cრედ. რიტა წაქაძე; დიზაინი გელა ღაჭავა. |
||
| 264 |
_aქუთაისი, _c2020. |
||
| 300 |
_a182 გვ. _b20 სმ. |
||
| 500 | _aსახელთა საძიებელი გვ. 145-179 | ||
| 653 | _aბიბლიოგრაფია | ||
| 653 | _aდრამატული თეატრი | ||
| 700 |
_aწაქაძე, რიტა _eრედაქტორი _913355 |
||
| 700 |
_aქუთაისის ილია ჭავჭავაძის სახელობის საჯარო ბიბლიოთეკა _913356 |
||
| 773 | _tნაჩუქარი | ||
| 942 |
_2udc _cBK |
||